| 000 | 01012nam a2200229 i 4500 | ||
|---|---|---|---|
| 001 | 166377 | ||
| 003 | ES-MaACL | ||
| 005 | 20230906213323.0 | ||
| 008 | 030328s1881 sp |||| | spa d | ||
| 100 | 1 |
_aTolosa Latour, Manuel, _d1857-1919 _9110485 |
|
| 245 | 1 | 3 |
_aLa protección médica al niño desvalido _b: conferencia dada por el Doctor Tolosa Latour en el Salón de Grados de la Facultad de Medicina el 3 de marzo de 1881. |
| 260 |
_aMadrid : _b[s.n.], _c1881 ( _fImp. de los Sres. García y Caravera) |
||
| 300 |
_a31 p. ; _c23 cm. |
||
| 530 | _aDisponible en formato digital. | ||
| 594 | _aPrecede al tít.: Ateneo Médico Escolar. | ||
| 650 | 0 | 4 |
_aNiños- _xAsistencia sanitaria. _9160854 |
| 650 | 4 |
_aNiños- _xServicios sociales. _9146655 |
|
| 710 | 2 |
_aAteneo Médico Escolar. _9141895 |
|
| 852 |
_aES-MaACL _jT-352-F-14 _z- Enc. hol. _z- Enc. en un vol. facticio |
||
| 856 |
_uhttp://bdh-rd.bne.es/viewer.vm?id=0000249250&page=1 _zBiblioteca Digital Hispánica |
||
| 999 |
_c166377 _d166377 |
||